00732nam a22002418a 450000500170000000800410001701000140005802000260007202000230009803500130012103700150013404000180014908200100016710000180017724500880019525000110028326000400029430000310033450000520036565000280041770000190044570000260046420081024151836.0080626s2008 cau 000 0 eng  aENG-91769 a9780070087705c299.00 a0070087709c299.00 aEN-75302 bDBAD / PUb adplbEnglish  a006.3 aRich, Elaine  aArtificial intelligence /cby Elaine Rich, Kevin Knight [and] Shivashankar B. Nair  a3rd ed aNew Delhi bTata McGraw-Hill,c2009 axviii, 568p. c25cm (pbk)  aIncludes bibliographical references and index  aArtificial intelligence aKnight, Kevin  aNair, Shivashankar B.